| 000 | 00612nam a22002057a 4500 | ||
|---|---|---|---|
| 003 | 0 | ||
| 005 | 20250919145502.0 | ||
| 008 | 250919b xxu||||| |||| 00| 0 eng d | ||
| 020 | _a979-8-88836-823-7 | ||
| 050 |
_aQC 6 _b.N65 2025 |
||
| 100 |
_aNolan, Summer, _eauthor. |
||
| 245 |
_aBasic physics / _cSummer Nolan. |
||
| 260 |
_aNew York, NY : _bLarsen and Keller Education, _c2025. |
||
| 300 |
_avi, 226 pages : _bcolored illustrations ; _c27 cm. |
||
| 504 | _aIncludes bibliographical references and index. | ||
| 650 | _aPhysics. | ||
| 650 | _aPhysical sciences. | ||
| 650 | _aDynamics. | ||
| 942 |
_2lcc _cBK |
||
| 999 |
_c368043 _d368043 |
||